00696nam a22002177a 45000050016000000100014000160200026000300350013000560370013000690820011000821000023000932450138001162600038002542700046002923000030003386500031003686500028003997000009004279420025004369990017004612010080205235.0 aENG-97718 a9788176567138c225.00 aEN-81250 bDBAD/PUB a005.43 aJain, Satish91584 aIT tools and business systems ;cby Satish Jain...[et. al]balso covers syllabus for A 1-R 4 papers of DOEACC 'A' lavel examination / aNew Delhic2010bBPP Publications aB-14, Connaught PlacebNew Delhi e110001 axxii, 450 p. c28cm (Pbk) aComputer programimng94293 aOperating systems94294 94133 2ddccENh005.43mJAN c38687d38687